书目信息 |
| 题名: |
动物组织学及胚胎学实验
|
|
| 作者: | 彭克美 , 王政富 主编 | |
| 分册: | ||
| 出版信息: | 北京 高等教育出版社 2018重印 |
|
| 页数: | 238页 | |
| 开本: | 26cm | |
| 丛书名: | iCourse·教材 | |
| 单 册: | ||
| 中图分类: | Q954.6-33 , Q954.4-33 | |
| 科图分类: | ||
| 主题词: | 动物组织学--Dong Wu Zu Zhi Xue--实验--高等学校--教材 , 动物胚胎学--Dong Wu Pei Tai Xue--实验--高等学校--教材 | |
| 电子资源: | ||
| ISBN: | 978-7-04-046217-3 | |
| 000 | 01383cam 2200373 45 | |
| 001 | 012001002709 | |
| 005 | 20140101134826.0 | |
| 010 | @a978-7-04-046217-3@dCNY49.60 | |
| 099 | @aCAL 012016132990 | |
| 100 | @a20161103d2016 ekmy0chiy50 ea | |
| 101 | 0 | @achi |
| 102 | @aCN@b110000 | |
| 105 | @aa a 000yy | |
| 106 | @ar | |
| 200 | 1 | @a动物组织学及胚胎学实验@ADong Wu Zu Zhi Xue Ji Pei Tai Xue Shi Yan@f彭克美, 王政富主编 |
| 210 | @a北京@c高等教育出版社@d2018重印 | |
| 215 | @a238页@c彩图@d26cm | |
| 225 | 2 | @aiCourse·教材@AIcourse·Jiao Cai |
| 300 | @a彩色版 | |
| 300 | @a普通高等教育精品教材配套实验用书 | |
| 300 | @a全国高等学校“十三五”农林规划教材 | |
| 311 | @a本书是《动物组织学及胚胎学》教材的配套实验书。 | |
| 320 | @a有书目 (第238页) | |
| 330 | @a本书主要内容包括:导言、组织切片常用的制作方法、细胞的形态结构与细胞分裂、上皮组织、固有结缔组织、软骨和骨组织等。 | |
| 410 | 0 | @12001 @aiCourse·教材 |
| 488 | 0 | @12001 @a动物组织学及胚胎学@1210 @a北京@c高等教育出版社@d2009@1701 0 @a彭克美 |
| 606 | 0 | @a动物组织学@ADong Wu Zu Zhi Xue@x实验@x高等学校@j教材 |
| 606 | 0 | @a动物胚胎学@ADong Wu Pei Tai Xue@x实验@x高等学校@j教材 |
| 690 | @aQ954.6-33@v5 | |
| 690 | @aQ954.4-33@v5 | |
| 701 | 0 | @a彭克美@APeng Ke Mei@4主编 |
| 701 | 0 | @a王政富@AWang Zheng Fu@4主编 |
| 801 | 0 | @aCN@b北京卓展@c20191020 |
| 905 | @b1204251-4@dQ954.6-33@e258@f4 | |
| 动物组织学及胚胎学实验/彭克美, 王政富主编.-北京:高等教育出版社,2018重印 |
| 238页:彩图;26cm.-(iCourse·教材) |
| 彩色版.-普通高等教育精品教材配套实验用书.-全国高等学校“十三五”农林规划教材 |
| ISBN 978-7-04-046217-3:CNY49.60 |
| 本书主要内容包括:导言、组织切片常用的制作方法、细胞的形态结构与细胞分裂、上皮组织、固有结缔组织、软骨和骨组织等。 |
| ● |
| 相关链接 |
|
|
|
|
正题名:动物组织学及胚胎学实验
索取号:Q954.6-33/258
 
预约/预借
| 序号 | 登录号 | 条形码 | 馆藏地/架位号 | 状态 | 备注 |
| 1 | 1204251 | 212042519 | 第二样本阅览室/ [索取号:Q954.6-33/258] | 在馆 | |
| 2 | 1204252 | 212042528 | 第三借阅区/ [索取号:Q954.6-33/258] | 在馆 | |
| 3 | 1204253 | 212042537 | 第三借阅区/ [索取号:Q954.6-33/258] | 在馆 | |
| 4 | 1204254 | 212042546 | 第三借阅区/ [索取号:Q954.6-33/258] | 在馆 |